000 00545nam a2200229 a 4500
001 nice12345678
003 IN_TiNIC
005 20260116011627.0
008 050524s1935 dela grp 000 0 urd
020 _a
_c100
082 0 0 _a891.4393
_bALI1
100 _aAli, Hamid
245 _aJohar
_b Urdu Journal
260 _aDelhi
_bMatbua Jamia Press
_c1935
300 _a192p
500 _aincludes index and biblioraphy
650 _aUrdu-Literature-essys
700 1 _aAli, Hamid
902 _bSRS
942 _cBK
999 _c2974
_d2974